[Event "Bayern-chI Bank Hofmann 27th"]
[Site "Gmund am Tegernsee"]
[Date "2024.11.03"]
[Round "9"]
[White "Geher, Koppany"]
[Black "Tscharotschkin, Michael"]
[Result "1-0"]
[WhiteElo "2175"]
[BlackElo "2079"]
[PlyCount "81"]
[EventDate "2024.10.26"]
[EventType "swiss"]
[EventRounds "9"]
[EventCountry "GER"]
[SourceTitle "CB45_2024"]
[Source "ChessBase"]
[SourceDate "2024.11.06"]
[SourceVersion "1"]
[SourceVersionDate "2024.11.06"]
[SourceQuality "1"]

1. e4 c6 2. Nf3 d5 3. d3 dxe4 4. dxe4 Qxd1+ 5. Kxd1 Bg4 6. Be2 Nf6 7. Nbd2 Nbd7 8. Ne1 Bxe2+ 9. Kxe2 e5 10. Nd3 Bd6 11. f3 Ke7 12. Nc4 Bc7 13. a4 Ne8 14. Be3 f6 15. Nc5 Nxc5 16. Bxc5+ Bd6 17. Bf2 Bc7 18. Rhd1 Nd6 19. Bc5 Rhd8 20. Rd3 b6 21. Ba3 Ke6 22. Ne3 g6 23. Rc3 Kd7 24. Rd1 Rac8 25. Ng4 Ke6 26. Rxc6 Bb8 27. Rxc8 Rxc8 28. Bxd6 Bxd6 29. Ne3 f5 30. c3 Be7 31. g4 fxe4 32. fxe4 Bg5 33. Nd5 h5 34. gxh5 gxh5 35. Rg1 Bf4 36. Rg6+ Kf7 37. Rf6+ Kg7 38. Rf5 Bxh2 39. Rxh5 Bf4 40. Nxf4 exf4 41. Kf3 1-0

[Event "Bayern-chI Bank Hofmann 27th"]
[Site "Gmund am Tegernsee"]
[Date "2024.10.30"]
[Round "5"]
[White "Becker, Matthias"]
[Black "Tscharotschkin, Michael"]
[Result "1/2-1/2"]
[WhiteElo "2338"]
[BlackElo "2079"]
[PlyCount "68"]
[EventDate "2024.10.26"]
[EventType "swiss"]
[EventRounds "9"]
[EventCountry "GER"]
[SourceTitle "CB45_2024"]
[Source "ChessBase"]
[SourceDate "2024.11.06"]
[SourceVersion "1"]
[SourceVersionDate "2024.11.06"]
[SourceQuality "1"]

1. e4 e6 2. d4 d5 3. Nc3 Bb4 4. a3 Bxc3+ 5. bxc3 dxe4 6. Qg4 Nf6 7. Qxg7 Rg8 8. Qh6 Rg6 9. Qd2 b6 10. Ne2 Bb7 11. c4 Nbd7 12. h3 Qe7 13. a4 0-0-0 14. a5 e3 15. Qxe3 Qb4+ 16. c3 Qd6 17. f3 e5 18. d5 e4 19. f4 Nc5 20. Nd4 Re8 21. Ba3 Nd3+ 22. Bxd3 exd3 23. Qxe8+ Nxe8 24. Bxd6 Nxd6 25. Kf2 Nxc4 26. Nf5 Kd7 27. Rhd1 Bxd5 28. g4 d2 29. axb6 axb6 30. Ne3 Nxe3 31. Kxe3 Rh6 32. Kxd2 Rxh3 33. Kc2 Kc6 34. Rd2 Rh4 1/2-1/2

[Event "Bayern-chI Bank Hofmann 27th"]
[Site "Gmund am Tegernsee"]
[Date "2024.10.28"]
[Round "3"]
[White "Tan, Yi Rui Ray"]
[Black "Tscharotschkin, Michael"]
[Result "1/2-1/2"]
[WhiteElo "1951"]
[BlackElo "2079"]
[PlyCount "62"]
[EventDate "2024.10.26"]
[EventType "swiss"]
[EventRounds "9"]
[EventCountry "GER"]
[SourceTitle "CB45_2024"]
[Source "ChessBase"]
[SourceDate "2024.11.06"]
[SourceVersion "1"]
[SourceVersionDate "2024.11.06"]
[SourceQuality "1"]

1. e4 e6 2. d4 d5 3. Nc3 Bb4 4. e5 c5 5. a3 Bxc3+ 6. bxc3 Ne7 7. Qg4 Qc7 8. Qxg7 Rg8 9. Qxh7 cxd4 10. Ne2 Nbc6 11. f4 dxc3 12. h4 Bd7 13. h5 0-0-0 14. Qd3 d4 15. h6 Rg6 16. h7 Rh8 17. Nxd4 Nxd4 18. Qxd4 Bc6 19. Bd3 Rxg2 20. Be3 Rg7 21. Rf1 b6 22. Qxc3 Nd5 23. Qd2 Qe7 24. Bd4 Qh4+ 25. Qf2 Nxf4 26. Qxh4 Ng2+ 27. Ke2 Nxh4 28. Rf2 Ng6 29. Rg1 Be8 30. Rf6 Rhxh7 31. Bxg6 Rxg6 1/2-1/2

[Event "Calvia Amateur op 21st"]
[Site "Calvia"]
[Date "2024.10.08"]
[Round "4"]
[White "Tscharotschkin, Michael"]
[Black "Hristodorescu, Daniel"]
[Result "1/2-1/2"]
[WhiteElo "2079"]
[BlackElo "2173"]
[PlyCount "29"]
[EventDate "2024.10.05"]
[EventType "swiss"]
[EventRounds "9"]
[EventCountry "ESP"]
[SourceTitle "CB45_2024"]
[Source "ChessBase"]
[SourceDate "2024.11.06"]
[SourceVersion "1"]
[SourceVersionDate "2024.11.06"]
[SourceQuality "1"]

1. d4 Nf6 2. c4 g6 3. g3 Bg7 4. Bg2 0-0 5. Nc3 d6 6. e4 c5 7. Nge2 Nc6 8. 0-0 cxd4 9. Nxd4 Nxd4 10. Qxd4 Be6 11. Qd3 Nd7 12. b3 Ne5 13. Qd2 Rc8 14. Rb1 a6 15. f4 1/2-1/2

[Event "Bad Woerishofen Seniors op 39th"]
[Site "Bad Woerishofen"]
[Date "2024.03.09"]
[Round "2"]
[White "Tscharotschkin, Michael"]
[Black "Hafner, Robert"]
[Result "1-0"]
[WhiteElo "2062"]
[BlackElo "1953"]
[PlyCount "85"]
[EventDate "2024.03.08"]
[EventType "swiss"]
[EventRounds "9"]
[EventCountry "GER"]
[SourceTitle "CBM 219 Extra"]
[Source "ChessBase"]
[SourceDate "2024.05.31"]
[SourceVersion "1"]
[SourceVersionDate "2024.05.31"]
[SourceQuality "1"]

1. e4 c6 2. d4 d5 3. exd5 cxd5 4. Bd3 Nf6 5. Nf3 Bg4 6. 0-0 e6 7. Bf4 Nc6 8. c3 Bd6 9. Bxd6 Qxd6 10. Nbd2 0-0 11. Qe1 Bh5 12. Ne5 Bg6 13. Bxg6 hxg6 14. f4 Ne7 15. g4 Ne8 16. Qh4 f6 17. Rf3 Qd8 18. Rh3 fxe5 19. Qh7+ Kf7 20. fxe5 Ng8 21. Nf3 Ke7 22. Qxg6 Nh6 23. Ng5 Qb6 24. Rf1 Rxf1+ 25. Kxf1 Kd7 26. Kg1 Rd8 27. Rf3 Qa6 28. h3 Qc6 29. Kg2 Qa6 30. Kg3 Qc6 31. Nh7 Kc8 32. Nf8 Kb8 33. Qxe6 Nc7 34. Qe7 Qe8 35. Qxg7 Ne6 36. Nxe6 Qxe6 37. Rf6 Qe8 38. Rxh6 Qb5 39. Rh8 Qd3+ 40. Kh4 Rxh8+ 41. Qxh8+ Kc7 42. Qg7+ Kc6 43. Qe7 1-0

[Event "Staufer op 34th"]
[Site "Schwaebisch Gmuend"]
[Date "2024.01.02"]
[Round "2"]
[White "Dolzhikova, Kateryna"]
[Black "Tscharotschkin, Michael"]
[Result "1-0"]
[WhiteElo "2227"]
[BlackElo "2066"]
[PlyCount "75"]
[EventDate "2024.01.02"]
[EventType "swiss"]
[EventRounds "9"]
[EventCountry "GER"]
[SourceTitle "CBM 218 Extra"]
[Source "ChessBase"]
[SourceDate "2024.03.31"]
[SourceVersion "1"]
[SourceVersionDate "2024.03.31"]
[SourceQuality "1"]

1. e4 e6 2. d3 d5 3. Nd2 Nf6 4. Ngf3 c5 5. g3 Nc6 6. Bg2 Be7 7. 0-0 0-0 8. Re1 b5 9. exd5 exd5 10. d4 c4 11. a4 b4 12. Ne5 Nxd4 13. Ndxc4 Ne6 14. Nc6 Qc7 15. Nxe7+ Qxe7 16. Ne3 Bb7 17. Nf5 Qc7 18. a5 Rad8 19. Bd2 d4 20. Bxb4 Bxg2 21. Bxf8 Qb7 22. a6 Qa8 23. Be7 Ng5 24. f3 Nxf3+ 25. Kxg2 Nh4+ 26. Kh3 Qg2+ 27. Kxh4 Qxh2+ 28. Kg5 h6+ 29. Kf4 Qf2+ 30. Qf3 g5+ 31. Ke5 Nd7+ 32. Ke4 Qxc2+ 33. Kxd4 Qxb2+ 34. Ke3 Qb6+ 35. Ke2 Ne5 36. Qc3 Qb5+ 37. Kf2 Nd3+ 38. Ke3 1-0

[Event "Calvia Amateur op 20th"]
[Site "Calvia"]
[Date "2023.10.08"]
[Round "2"]
[White "Rodriguez Mendez, Victor Manuel"]
[Black "Tscharotschkin, Michael"]
[Result "0-1"]
[WhiteElo "1897"]
[BlackElo "2115"]
[PlyCount "74"]
[EventDate "2023.10.07"]
[EventType "swiss"]
[EventRounds "9"]
[EventCountry "ESP"]
[SourceTitle "CBM 216 Extra"]
[Source "ChessBase"]
[SourceDate "2023.11.30"]
[SourceVersion "1"]
[SourceVersionDate "2023.11.30"]
[SourceQuality "1"]

1. d4 d5 2. c4 e6 3. Nc3 c6 4. Nf3 f5 5. g3 Nf6 6. Bg2 Bd6 7. 0-0 Nbd7 8. Qd3 Ne4 9. Nd2 Nxc3 10. Qxc3 0-0 11. Nf3 Nf6 12. Bg5 Bd7 13. Ne5 Be8 14. Qb3 Rb8 15. Rad1 h6 16. Bxf6 Qxf6 17. f4 Bxe5 18. dxe5 Qe7 19. cxd5 cxd5 20. Rc1 Bc6 21. Qc3 Rfc8 22. Bf3 b6 23. Qd4 Bb7 24. b4 Ba6 25. a4 Rc4 26. Rxc4 Bxc4 27. b5 Rc8 28. g4 g6 29. Kh1 Kh7 30. Rg1 Rg8 31. gxf5 gxf5 32. Rxg8 Kxg8 33. e4 fxe4 34. Bxe4 Qh4 35. Bc2 Kf8 36. Kg2 Qg4+ 37. Kf2 Qe2+ 0-1

[Event "Benidorm Bali op-A"]
[Site "Benidorm"]
[Date "2022.12.08"]
[Round "7"]
[White "Rodriguez Redondo, Adhara"]
[Black "Tscharotschkin, Michael"]
[Result "1-0"]
[WhiteElo "2057"]
[BlackElo "2137"]
[PlyCount "129"]
[EventDate "2022.12.03"]
[EventType "swiss"]
[EventRounds "9"]
[EventCountry "ESP"]
[SourceTitle "CBM 211 Extra"]
[Source "ChessBase"]
[SourceDate "2023.01.31"]
[SourceVersion "1"]
[SourceVersionDate "2023.01.31"]
[SourceQuality "1"]

1. e4 e6 2. d4 d5 3. exd5 exd5 4. Nf3 Nf6 5. Bd3 Be7 6. 0-0 0-0 7. h3 Re8 8. Bf4 Nbd7 9. Nbd2 Nf8 10. Ne5 Ng6 11. Bg3 Nxe5 12. dxe5 Nd7 13. c3 g6 14. Nf3 Nc5 15. Bc2 Ne6 16. Qd2 c6 17. Rad1 Qb6 18. b3 Ng7 19. Bf4 Bf5 20. Bxf5 Nxf5 21. Bg5 Bxg5 22. Qxg5 Qd8 23. Qf4 Qe7 24. Rfe1 Ng7 25. Nh2 Nh5 26. Qf3 Qg5 27. Ng4 Re6 28. h4 Qe7 29. Nh6+ Kg7 30. Qxh5 gxh5 31. Nf5+ Kg6 32. Nxe7+ Rxe7 33. Re3 h6 34. c4 Rae8 35. cxd5 Rxe5 36. Rxe5 Rxe5 37. dxc6 bxc6 38. Rd6+ Re6 39. Rd7 a5 40. g3 Re2 41. a4 Rc2 42. Ra7 Rc5 43. Kf1 f6 44. Ke2 Rc2+ 45. Ke1 Rb2 46. Rxa5 Rxb3 47. Rc5 Ra3 48. a5 Ra2 49. Kf1 Ra4 50. Ke2 Ra3 51. Kd2 Ra2+ 52. Ke3 Ra3+ 53. Kd4 Ra4+ 54. Kc3 Ra2 55. Kb4 Rxf2 56. Rxc6 Rb2+ 57. Ka3 Rb1 58. Rb6 Ra1+ 59. Kb4 Kf5 60. Rc6 Kg4 61. Rc3 Rb1+ 62. Rb3 Ra1 63. Ra3 Rb1+ 64. Kc5 Rc1+ 65. Kd6 1-0

[Event "Ceske Budejovice op"]
[Site "Ceske Budejovice"]
[Date "2021.07.07"]
[Round "7"]
[White "Tscharotschkin, Michael"]
[Black "Walek, Petr"]
[Result "1-0"]
[WhiteElo "2136"]
[BlackElo "2276"]
[PlyCount "161"]
[EventDate "2021.07.01"]
[EventType "swiss"]
[EventRounds "9"]
[EventCountry "CZE"]
[SourceTitle "CBM 203 Extra"]
[Source "ChessBase"]
[SourceDate "2021.09.30"]
[SourceVersion "1"]
[SourceVersionDate "2021.09.30"]
[SourceQuality "1"]

1. e4 c5 2. Nf3 g6 3. d4 cxd4 4. Nxd4 Bg7 5. Nc3 Nc6 6. Be3 d6 7. Bc4 Nf6 8. Bb3 Ng4 9. Nxc6 bxc6 10. Qd2 Nxe3 11. Qxe3 Qa5 12. 0-0 Bxc3 13. bxc3 0-0 14. Rfd1 Rb8 15. Rd4 Qc5 16. Qd2 a5 17. Rc4 Qe5 18. Qd4 Qb5 19. Ra4 c5 20. Qd2 Be6 21. c4 Qc6 22. f3 Rb4 23. Rxa5 Qb6 24. Ra3 Bxc4 25. Bxc4 Rxc4 26. c3 Qc6 27. Ra7 Re8 28. Rb1 Ra4 29. Rab7 Qa6 30. Qh6 Qa8 31. Qg5 Ra7 32. Rxa7 Qxa7 33. Qd5 c4+ 34. Qd4 Qxa2 35. Rb7 Qe2 36. h3 e5 37. Qd5 Qe3+ 38. Kf1 Qd3+ 39. Qxd3 cxd3 40. Ke1 Ra8 41. Rb2 Ra1+ 42. Kd2 h5 43. Kxd3 h4 44. Rc2 Kg7 45. Ke3 Kf6 46. Rd2 Ke6 47. Kd3 f5 48. Rc2 Kf6 49. Ke3 Re1+ 50. Kf2 Rd1 51. Ke2 Rg1 52. Kf2 Ra1 53. Ke3 Kg5 54. Rd2 Re1+ 55. Kf2 Rc1 56. exf5 gxf5 57. Rxd6 Rc2+ 58. Kf1 Kf4 59. Kg1 Ke3 60. Rf6 Rc1+ 61. Kh2 Kf4 62. Rh6 Kg5 63. Re6 Kf4 64. Rh6 e4 65. fxe4 fxe4 66. Rxh4+ Ke3 67. Rh8 Rxc3 68. g4 Kf2 69. g5 e3 70. Rf8+ Ke1 71. Re8 e2 72. Kg2 Kd2 73. Kf2 Rxh3 74. Rxe2+ Kd3 75. Kg2 Rh8 76. Re5 Kd4 77. Ra5 Ke4 78. Kg3 Rh1 79. Kg4 Rg1+ 80. Kh5 Kf4 81. Kg6 1-0

[Event "Ceske Budejovice op"]
[Site "Ceske Budejovice"]
[Date "2021.07.06"]
[Round "6"]
[White "Valenta, Vit"]
[Black "Tscharotschkin, Michael"]
[Result "0-1"]
[WhiteElo "2019"]
[BlackElo "2136"]
[PlyCount "92"]
[EventDate "2021.07.01"]
[EventType "swiss"]
[EventRounds "9"]
[EventCountry "CZE"]
[SourceTitle "CBM 203 Extra"]
[Source "ChessBase"]
[SourceDate "2021.09.30"]
[SourceVersion "1"]
[SourceVersionDate "2021.09.30"]
[SourceQuality "1"]

1. Nf3 d5 2. g3 g6 3. Bg2 Bg7 4. 0-0 Nf6 5. e3 0-0 6. d4 Bf5 7. Nbd2 Be4 8. Nxe4 Nxe4 9. c4 dxc4 10. Qc2 Nd6 11. Ne5 c6 12. Nxc4 Nxc4 13. Qxc4 Nd7 14. Bd2 e5 15. Bc3 Nb6 16. Qb3 exd4 17. Bxd4 Bxd4 18. Rad1 Qf6 19. Rxd4 Rad8 20. Rfd1 Rxd4 21. Rxd4 Rd8 22. Rxd8+ Qxd8 23. Qc2 Qd6 24. Bf3 Nd7 25. Qd1 Qe7 26. Qd4 Ne5 27. Be2 b6 28. f4 Nd7 29. e4 Nc5 30. e5 Ne6 31. Qc3 c5 32. Kf2 Nd4 33. Bf3 Qd7 34. a3 Qh3 35. Kg1 Qf5 36. Kg2 g5 37. Qd2 Kg7 38. Bd5 h5 39. fxg5 Qxe5 40. Bf3 h4 41. Qf4 Qxf4 42. gxf4 Ne6 43. Kh3 Nxf4+ 44. Kxh4 c4 45. Be4 Nd3 46. b4 Ne1 0-1

[Event "Plzen Calliditas op"]
[Site "Plzen"]
[Date "2020.08.26"]
[Round "5"]
[White "Kubat, Miroslav"]
[Black "Tscharotschkin, Michael"]
[Result "1/2-1/2"]
[WhiteElo "2019"]
[BlackElo "2174"]
[PlyCount "64"]
[EventDate "2020.08.23"]
[EventType "swiss"]
[EventRounds "9"]
[EventCountry "CZE"]
[SourceTitle "CBM 198 Extra"]
[Source "ChessBase"]
[SourceDate "2020.11.30"]
[SourceVersion "1"]
[SourceVersionDate "2020.11.30"]
[SourceQuality "1"]

1. e4 e6 2. d4 d5 3. Nd2 Nf6 4. Bd3 dxe4 5. Nxe4 Nbd7 6. Nf3 Nxe4 7. Bxe4 Nf6 8. Bd3 Be7 9. 0-0 0-0 10. Bg5 h6 11. Bh4 Nd7 12. Bxe7 Qxe7 13. c3 b6 14. Bc2 Bb7 15. Qd3 Nf6 16. Rfe1 Bxf3 17. Qxf3 Rad8 18. Rad1 Qd6 19. h3 Rfe8 20. Qe3 c6 21. Qd3 Kf8 22. Re3 b5 23. Re5 Qxe5 24. dxe5 Rxd3 25. Rxd3 Nd5 26. g3 Ke7 27. Kf1 Nb6 28. b3 Nd5 29. a3 Rd8 30. Ke2 f6 31. exf6+ Nxf6 32. Rxd8 Kxd8 1/2-1/2

[Event "Bad Woerishofen op 36th"]
[Site "Bad Woerishofen"]
[Date "2020.03.14"]
[Round "9"]
[White "Tscharotschkin, Michael"]
[Black "Bruchmann, Norbert"]
[Result "1-0"]
[WhiteElo "2191"]
[BlackElo "2084"]
[PlyCount "67"]
[EventDate "2020.03.06"]
[EventType "swiss"]
[EventRounds "9"]
[EventCountry "GER"]
[SourceTitle "CBM 195 Extra"]
[Source "ChessBase"]
[SourceDate "2020.05.31"]
[SourceVersion "1"]
[SourceVersionDate "2020.05.31"]
[SourceQuality "1"]

1. d4 e6 2. Bf4 f5 3. e3 Nf6 4. Nd2 b6 5. Ngf3 Bb7 6. Bd3 Be7 7. 0-0 0-0 8. h3 h6 9. Ne5 Qe8 10. Bh2 d6 11. Nef3 Nbd7 12. Qe2 Ne4 13. Ne1 Ndf6 14. f3 Nxd2 15. Qxd2 Qh5 16. Bc4 Bd5 17. Bxd5 exd5 18. Nd3 g5 19. Rac1 Rae8 20. Bg3 Qg6 21. Kh2 Rf7 22. Bf2 Kh7 23. b3 Bd8 24. c4 Nh5 25. cxd5 g4 26. Kh1 Rg7 27. Rg1 g3 28. Be1 Rge7 29. Rc3 Qg5 30. f4 Qh4 31. Nb4 Nxf4 32. exf4 Re2 33. Bxg3 Qxg3 34. Qxe2 1-0

[Event "Bad Woerishofen op 36th"]
[Site "Bad Woerishofen"]
[Date "2020.03.09"]
[Round "4"]
[White "Stabolewski, Andreas"]
[Black "Tscharotschkin, Michael"]
[Result "1/2-1/2"]
[WhiteElo "2102"]
[BlackElo "2191"]
[PlyCount "33"]
[EventDate "2020.03.06"]
[EventType "swiss"]
[EventRounds "9"]
[EventCountry "GER"]
[SourceTitle "CBM 195 Extra"]
[Source "ChessBase"]
[SourceDate "2020.05.31"]
[SourceVersion "1"]
[SourceVersionDate "2020.05.31"]
[SourceQuality "1"]

1. Nf3 d5 2. d4 c6 3. c4 e6 4. e3 f5 5. Bd3 Nf6 6. 0-0 Bd6 7. b3 Qe7 8. Bb2 0-0 9. Nc3 Ne4 10. Rc1 Nxc3 11. Bxc3 Nd7 12. Ne5 Nxe5 13. dxe5 Ba3 14. Rb1 a5 15. Qc2 Bd7 16. Bd4 b5 17. c5 1/2-1/2

[Event "Lisbon Portugal op"]
[Site "Lisbon"]
[Date "2020.01.27"]
[Round "4"]
[White "Hendrix, Joachim"]
[Black "Tscharotschkin, Michael"]
[Result "0-1"]
[WhiteElo "1868"]
[BlackElo "2156"]
[PlyCount "102"]
[EventDate "2020.01.25"]
[EventType "swiss"]
[EventRounds "9"]
[EventCountry "POR"]
[SourceTitle "EXT 2021"]
[Source "ChessBase"]
[SourceDate "2020.10.23"]
[SourceVersion "1"]
[SourceVersionDate "2020.10.23"]
[SourceQuality "1"]

1. Nf3 d5 2. g3 Bg4 3. Bg2 Nd7 4. 0-0 e6 5. d3 c6 6. Nbd2 Bc5 7. b3 Ngf6 8. Bb2 0-0 9. h3 Bxf3 10. Nxf3 Qe7 11. c4 Rad8 12. cxd5 exd5 13. Nd4 g6 14. a3 Nh5 15. b4 Bb6 16. Qd2 Rfe8 17. Rae1 Ng7 18. e4 dxe4 19. Rxe4 Qd6 20. Rh4 Nf6 21. Qg5 Re5 22. Qc1 g5 23. Nf3 Rf5 24. Rh6 Ngh5 25. d4 Nxg3 26. fxg3 Qxg3 27. Rxf6 Rxf6 28. Qxg5+ Qxg5 29. Nxg5 Bxd4+ 30. Bxd4 Rxf1+ 31. Kxf1 Rxd4 32. Ne4 Rd1+ 33. Ke2 Ra1 34. Nc5 Ra2+ 35. Kf1 b6 36. Ne4 Rxa3 37. Nf6+ Kg7 38. Ne8+ Kf8 39. Bxc6 Rc3 40. Ba4 Rxh3 41. Nc7 Rh4 42. Nd5 a5 43. bxa5 Rxa4 44. axb6 Ra8 45. Nc3 Ra6 46. Nd5 Ra2 47. Ke1 Rb2 48. Kd1 Rb5 49. Nf6 Ke7 50. Nxh7 Rxb6 51. Ng5 Rb2 0-1

[Event "Staufer op 32nd"]
[Site "Schwaebisch Gmuend"]
[Date "2020.01.02"]
[Round "1"]
[White "Tscharotschkin, Michael"]
[Black "Zeller, Frank"]
[Result "1-0"]
[WhiteElo "2156"]
[BlackElo "2366"]
[PlyCount "111"]
[EventDate "2020.01.02"]
[EventType "swiss"]
[EventRounds "9"]
[EventCountry "GER"]
[SourceTitle "CBM 194 Extra"]
[Source "ChessBase"]
[SourceDate "2020.03.31"]
[SourceVersion "1"]
[SourceVersionDate "2020.03.31"]
[SourceQuality "1"]

1. d4 Nf6 2. Bf4 c5 3. e3 Qb6 4. Nc3 cxd4 5. exd4 d6 6. Nf3 a6 7. a3 g6 8. Bc4 Bg7 9. 0-0 Bg4 10. h3 Bxf3 11. Qxf3 Nc6 12. Be3 Qxb2 13. Nd5 Nxd5 14. Bxd5 0-0 15. Rab1 Nxd4 16. Qg4 Qc3 17. Rxb7 Nf5 18. Rb3 Qxc2 19. Rc1 Qa2 20. Qd1 Rad8 21. Bg5 h6 22. Rd3 Qb2 23. Rb1 Qe5 24. f4 Qxd5 25. Rxd5 hxg5 26. Rxf5 gxf5 27. fxg5 Rb8 28. h4 Be5 29. Kf2 e6 30. h5 Rfc8 31. h6 Kh7 32. Rxb8 Rxb8 33. Qa4 Kg6 34. Qxa6 Kxg5 35. Qa7 Rb2+ 36. Ke1 Kg6 37. Qa8 Kxh6 38. Qg8 Rb7 39. a4 d5 40. Qf8+ Bg7 41. Qc8 Rb1+ 42. Ke2 Rb2+ 43. Kf1 Ra2 44. Qc6 Bd4 45. g3 Ra3 46. Qa8 Rxg3 47. a5 Ra3 48. a6 Kg6 49. Qg8+ Bg7 50. Qc8 Ra2 51. Qb7 Ra1+ 52. Ke2 Bd4 53. Qb4 Be5 54. Qb6 Ra2+ 55. Kd1 f4 56. Qb1+ 1-0

[Event "Calvia Amateur op 16th"]
[Site "Calvia"]
[Date "2019.10.05"]
[Round "1"]
[White "Tscharotschkin, Michael"]
[Black "Garrido Lluy, Javier"]
[Result "1-0"]
[WhiteElo "2198"]
[BlackElo "1836"]
[PlyCount "261"]
[EventDate "2019.10.05"]
[EventType "swiss"]
[EventRounds "9"]
[EventCountry "ESP"]
[SourceTitle "CBM 192 Extra"]
[Source "Chessbase"]
[SourceDate "2019.11.06"]
[SourceVersion "1"]
[SourceVersionDate "2019.11.06"]
[SourceQuality "1"]

1. d4 c5 2. c3 e6 3. e4 d5 4. exd5 Qxd5 5. Nf3 Nf6 6. Be2 Nc6 7. Na3 Qd8 8. Nc2 a6 9. 0-0 cxd4 10. Ncxd4 Bd7 11. Nxc6 Bxc6 12. Nd4 Bd7 13. Bf3 Qc7 14. Bg5 Be7 15. Re1 0-0 16. Nf5 Bd8 17. Nd4 e5 18. Nc2 e4 19. Bxf6 exf3 20. Be5 Qc6 21. Nd4 Qb6 22. Nxf3 Bg4 23. Bd4 Qc6 24. Ne5 Bxd1 25. Nxc6 Ba4 26. Nb4 Bd7 27. Nd5 Bc6 28. Nb4 Bd7 29. Rad1 Be6 30. Nd3 Bc7 31. b3 Rad8 32. Nc5 Bc8 33. Ne4 Rfe8 34. f3 h6 35. g3 b6 36. Kf2 Bb7 37. Nd2 b5 38. Rxe8+ Rxe8 39. Re1 Rxe1 40. Kxe1 f6 41. Kf2 Kf7 42. Ke3 h5 43. Ne4 h4 44. f4 hxg3 45. hxg3 a5 46. Nd2 Ke6 47. g4 g6 48. Ne4 Bxe4 49. Kxe4 f5+ 50. gxf5+ gxf5+ 51. Ke3 Kd5 52. Bf6 a4 53. Bg5 Bd6 54. Bh4 Bc7 55. Be1 Bd6 56. Bd2 Bc7 57. Kd3 axb3 58. axb3 Bd6 59. Be3 Bc7 60. c4+ bxc4+ 61. bxc4+ Kc6 62. Bc1 Bd6 63. Kd4 Bc5+ 64. Ke5 Bd6+ 65. Kd4 Bc5+ 66. Kd3 Bb6 67. Bb2 Bc7 68. Be5 Bb6 69. Bd4 Bc7 70. Ke3 Bd6 71. Kf3 Bc7 72. Kg3 Bd8 73. Kh3 Be7 74. Bf2 Bf6 75. Bh4 Bd4 76. Be7 Bf2 77. Bb4 Be3 78. Kg3 Bc1 79. Kf3 Bb2 80. Be7 Bd4 81. Ke2 Bc3 82. Bh4 Kc5 83. Kd3 Bb2 84. Bf2+ Kc6 85. Bd4 Ba3 86. Be5 Bc5 87. Bb8 Kb7 88. Be5 Kc6 89. Bd4 Bd6 90. Be3 Bb4 91. Kc2 Ba5 92. Kb3 Be1 93. Ka4 Bg3 94. Kb4 Be1+ 95. Kb3 Ba5 96. Kc2 Bb4 97. Kd3 Be7 98. Bd4 Bb4 99. Ba7 Be1 100. Bb8 Bf2 101. Be5 Bc5 102. Bd4 Bd6 103. Be3 Bb4 104. Bd2 Bc5 105. Be3 Bb4 106. Kc2 Ba5 107. Kb3 Bc7 108. Kb4 Bd8 109. Bd4 Be7+ 110. Kb3 Bd6 111. Be3 Be7 112. Ka4 Bd6 113. Kb3 Be7 114. Kc3 Bd6 115. Bc1 Bc5 116. Kd3 Bd6 117. Ke2 Bc7 118. Be3 Bd6 119. Kf3 Bc7 120. Ba7 Kb7 121. Bc5 Kc6 122. Be7 Kd7 123. Bf8 Kc6 124. Kg3 Bb8 125. c5 Kd7 126. Bg7 Ke6 127. Bf8 Kd5 128. Bd6 Bxd6 129. cxd6 Kxd6 130. Kh4 Ke6 131. Kg5 1-0